| Registos Bibliográficos associados ao registo de autoridade |
|
Etiqueta de registo: 00254nam 2200025 450 001 2282031 003 http://id.bnportugal.gov.pt/bib/catbnp/2282031 100 ## $a20260320d2024 k y0pory01030103ba 101 0# $aeng$dpor 102 ## $aPT 105 ## $aa m 000yy 106 ## $ar 200 1# $aVarieties of National protectionism$eessays on firm entry, adaptive regulation, and technology differences during global
shocks$fAfonso Soares Branco Cardoso do Amaral$gsupervisor M. Granger Morgan, Joana Serra da Luz Mendonça, Erica R. H. Fuchs 210 #9 $aLisboa$c[s.n.],$d2024 215 ## $aXVII, 192 p.$cil.$d30 cm 328 #1 $aTese dout. Engineering and Public Policy, Instituto Superior Técnico, Universidade
de Lisboa, Carnegie Mellon University, 2024 675 ## $a339.5(4-67UE)(043)$vBN$zpor$31276391 675 ## $a346.5/.7(4-67UE)(043)$vBN$zpor$31994960 700 #1 $aAmaral,$bAfonso Soares Branco Cardoso do$31992702 702 #1 $aMorgan,$bM. Granger$4727$31974170 702 #1 $aMendonça,$bJoana Serra da Luz$4727$31226524 702 #1 $801chs,$bErica R. H.$4727$31995479 801 #0 $aPT$bBN$gRPC 966 ## $lBN$mFGMON$sS.C. 168874 V.$x1 971 ## $cabrito$d20260320 972 ## $e0$z0$d20260413$vlrevez 973 ## $cigoulao$d20260407
|
|
|